Los nombres de los dioses (Record no. 164552)

MARC details
000 -LEADER
campo de control de longitud fija 01246nam a2200301 i 4500
001 - NÚMERO DE CONTROL
campo de control 164552
003 - IDENTIFICADOR DE NÚMERO DE CONTROL
campo de control ES-MaACL
005 - FECHA Y HORA DE LA ÚLTIMA TRANSACCIÓN
campo de control 20250929063242.0
008 - DATOS DE LONGITUD FIJA--INFORMACIÓN GENERAL
campo de control de longitud fija 931025s1884 sp |||| | spa d
100 2# - ENTRADA PRINCIPAL--NOMBRE DE PERSONA
Nombre de persona Sánchez Calvo, Estanislao,
Fechas asociadas al nombre m. 1895
9 (RLIN) 133005
245 14 - MENCIÓN DEL TÍTULO
Título Los nombres de los dioses
Resto del título : Ra, Osiris, Belo, Jehová, Elohim, Melkarte ... : indagación acerca del origen del lenguaje y de las religiones a la luz del euskaro y de los idiomas turanianos /
Mención de responsabilidad, etc. por Estanislao Sánchez Calvo.
260 ## - PUBLICACIÓN, DISTRIBUCIÓN, ETC.
Lugar de publicación, distribución, etc. Madrid :
Nombre del editor, distribuidor, etc. [s.n.],
Fecha de publicación, distribución, etc. 1884 (
Fabricante Imp. de Enrique de la Riva)
300 ## - DESCRIPCIÓN FÍSICA
Extensión XVI, 526 p. ;
Dimensiones 21 cm.
490 1# - MENCIÓN DE SERIE
Mención de serie Estudios filológicos
530 ## - NOTA DISPONIBLE DE FORMULARIO FÍSICO ADICIONAL
Nota de formato físico adicional disponible Disponible en formato digital.
650 04 - PUNTO DE ACCESO ADICIONAL DE MATERIA--TÉRMINO DE MATERIA
Término de materia o nombre geográfico como elemento de entrada Dioses.
9 (RLIN) 11910
650 #4 - PUNTO DE ACCESO ADICIONAL DE MATERIA--TÉRMINO DE MATERIA
Término de materia o nombre geográfico como elemento de entrada Lenguaje-
Subdivisión general Origen.
9 (RLIN) 158608
650 04 - PUNTO DE ACCESO ADICIONAL DE MATERIA--TÉRMINO DE MATERIA
Término de materia o nombre geográfico como elemento de entrada Religiones-
Subdivisión general Historia
9 (RLIN) 16823
650 ## - PUNTO DE ACCESO ADICIONAL DE MATERIA--TÉRMINO DE MATERIA
Término de materia o nombre geográfico como elemento de entrada Lengua vasca.
9 (RLIN) 14329
650 #4 - PUNTO DE ACCESO ADICIONAL DE MATERIA--TÉRMINO DE MATERIA
Término de materia o nombre geográfico como elemento de entrada Lenguas uraloaltaicas.
9 (RLIN) 162867
700 1# - ENTRADA AGREGADA--NOMBRE PERSONAL
Nombre de persona Riva, Enrique de la.
9 (RLIN) 131850
752 ## - ENTRADA AGREGADA--NOMBRE JERÁRQUICO DEL LUGAR
País o entidad superior España -
Ciudad Madrid
830 0# - PUNTO DE ACCESO ADICIONAL DE SERIE-TÍTULO UNIFORME
Título uniforme Estudios filológicos
9 (RLIN) 222357
852 ## - LOCALIZACIÓN
Ubicación ES-MaACL
Número de control de estantería B-6240
Nota libre - Enc. hol.
852 ## - LOCALIZACIÓN
Ubicación ES-MaACL
Número de control de estantería D-2844
Nota libre - Enc. hol.
856 ## - LOCALIZACIÓN Y ACCESO ELECTRÓNICOS
Identificador Uniforme de Recursos <a href="http://bdh-rd.bne.es/viewer.vm?id=0000107201&page=1 ">http://bdh-rd.bne.es/viewer.vm?id=0000107201&page=1 </a>
Nota pública Biblioteca Digital Hispánica
Holdings
Estatus retirado Estado de pérdida Estado de daño No para préstamo Colección Biblioteca de origen Biblioteca actual Ubicación en estantería Fecha de adquisición Fuente de adquisición Total de préstamos Signatura topográfica completa Código de barras Visto por última vez Precio de reemplazo Tipo de ítem Koha
        Colección digital Biblioteca del Ateneo de Madrid Biblioteca del Ateneo de Madrid Sala Valle Inclán 17/01/2008     D-2844 901172490 23/02/2023 23/02/2023 Libro impreso antiguo
        Colección digital Biblioteca del Ateneo de Madrid Biblioteca del Ateneo de Madrid Sala Pardo Bazán 17/01/2008     B-6240 1172489 23/02/2023 23/02/2023 Libro impreso antiguo